Segredos de Belém (Registo nº 3299)
[ vista simples ]
| 000 -Etiqueta do registo | |
|---|---|
| Cabeçalho | 00965nam a22003011 4500 |
| 005 - Identificador da versão | |
| Campo de controlo | 20240813121958.0 |
| 095 ## - | |
| -- | PTBN00347954 |
| 021 ## - Número do Depósito Legal | |
| Código do país | PT |
| Número | 48091/91 |
| 100 ## - Dados gerais de processamento | |
| Dados gerais de processamento | 19950710d1992 da a0pory5003 ba |
| 102 ## - Pais de publicação ou produção | |
| País de publicação | Portugal |
| 101 0# - Língua de publicação | |
| Língua do texto, banda sonora, etc. | Português |
| 106 ## - Campo de dados codificados: material textual | |
| Dados codificados do material textual | r |
| 105 ## - Campo de dados codificados: livros | |
| Dados codificados dos livros | a g 000yy |
| 215 ## - Descrição física | |
| Indicação específica da natureza do documento e extensão da espécie | 80 p. |
| Outras indicações físicas | il. |
| Dimensões | 18 cm |
| 200 1# - Titulo e menção de responsabilidade | |
| Título próprio | Segredos de Belém |
| Informação de outro título | guia dos Jerónimos, da Torre e do Bairro |
| Primeira menção de responsabilidade | Ana Maria Magalhães, Isabel Alçada |
| Outras menções de responsabilidade | il. Emílio Vilar, Pedro Gonçalves |
| 205 ## - Menção da edição | |
| Menção da edição | 2ª ed |
| 210 ## - Publicação, Distribuição, etc. | |
| Lugar da edição, distribuição, etc. | [Lisboa] |
| Nome do editor, distribuidor, etc. | Mosteiro dos Jerónimos. Inst. Port. do Património Cultural |
| Data da publicação, distribuição, etc. | imp. 1992 |
| 606 ## - Nome comum usado como assunto | |
| Número de registo de entrada de autoridade | 0001494 |
| Palavra de ordem | História |
| Subdivisão geográfica | Portugal |
| 675 ## - Classificação Decimal Universal (CDU) | |
| Notação | 946.9 |
| Edição | 2ª |
| Língua da edição | por |
| 702 #1 - Nome de autor-pessoa física (responsabilidade secundária) | |
| Número de registo de entrada de autoridade | 0001580 |
| Palavra de ordem | Vilar |
| Outra parte do nome não tomada para palavra de ordem | Emílio |
| Código de função | Ilustrador / Técnico de desenho computorizado |
| Número de registo de entrada de autoridade | 0001627 |
| Palavra de ordem | Gonçalves |
| Outra parte do nome não tomada para palavra de ordem | Pedro |
| Código de função | Ilustrador / Técnico de desenho computorizado |
| 701 #1 - Nome de autor-pessoa física (co-responsabilidade principal) | |
| Palavra de ordem | Alçada |
| Outra parte do nome não tomada para palavra de ordem | Isabel |
| Datas | 1950- |
| 700 #1 - Nome de autor-pessoa física (responsabilidade principal) | |
| Número de registo de entrada de autoridade | 0001021 |
| Palavra de ordem | Magalhães |
| Outra parte do nome não tomada para palavra de ordem | Ana Maria |
| Datas | 1946- |
| 942 ## - Elementos de entrada adicionados (Koha) | |
| Tipo de item no Koha | Livro |
| Situação do levantamento | Origin of item (home branch) (coded) | Biblioteca de empréstimo | Código de barras | Cota | Circulation type (not for loan) | Tipo de documento | Nota do exemplar | Damaged status |
|---|---|---|---|---|---|---|---|---|
| Biblioteca Escolar da Coca Maravilhas | Biblioteca Escolar da Coca Maravilhas | BECM2689/95 | 9PT MAG | Livro | Sem mensagem |
